000 00526nam a2200133Ia 4500
008 220616s9999||||xx |||||||||||||| ||und||
020 _a9788020000000
100 _aSvobodová, Hana
245 0 _aOutdoor Education in Geography: A Specific Educational Strategy
546 _aEnglish[eng]
650 _aoutdoor education||curriculum||school educational programme||Geography||elementary school||pupil||teacher||physical activity
856 _uhttps://munispace.muni.cz/library/catalog/download/1571/4386/2112-1
942 _cEB
999 _c20370
_d20370